000 00680nam a22001817a 4500
999 _c57693
_d57693
005 20221105195310.0
008 200909s2020 enk||||| |||| 00| 0 eng d
020 _a9789388902755 1
041 _aeng
080 _a611(084.4) Bd-13
245 _aBD Chaurasia's Human Anatomy :
_bRegional and Applied Dissection and Clinical. Head and Neck. Volume: 3 /
_cChief Editor: Krishna Garg.
264 _aNew Delhi :
_bCBS Publishers &Distributors Pvt Ltd ,
_c2020.
300 _a365 p.
_b30 cm.
653 _aადამიანის ანატომია
653 _aმედიცინა
700 _aGarg, Krishna
_eრედაქტორი
_99472
942 _2udc
_cBK